Quy hoạch tuyến tính

Zapisane w:
Opis bibliograficzny
1. autor: Nguyễn, Ngọc Thắng
Format: Książka
Język:Undetermined
Wydane: Hà Nội Đại học Quốc gia 2004
Hasła przedmiotowe:
Etykiety: Dodaj etykietę
Nie ma etykietki, Dołącz pierwszą etykiete!
Thư viện lưu trữ: Trung tâm Học liệu Trường Đại học Cần Thơ
LEADER 00531nam a2200193Ia 4500
001 CTU_74361
008 210402s9999 xx 000 0 und d
020 |c 18200 
082 |a 512.5 
082 |b Th116 
100 |a Nguyễn, Ngọc Thắng 
245 0 |a Quy hoạch tuyến tính 
245 0 |c Nguyễn Ngọc Thắng 
260 |a Hà Nội 
260 |b Đại học Quốc gia 
260 |c 2004 
650 |a Algebras, linear 
904 |i TUYEN 
980 |a Trung tâm Học liệu Trường Đại học Cần Thơ